|
|
|
|
| LEADER |
00000nam0a2200000 4500 |
| 001 |
244909 |
| 005 |
20231101232106.0 |
| 035 |
|
|
|a (RuTPU)RU\TPU\book\266304
|
| 090 |
|
|
|a 244909
|
| 100 |
|
|
|a 20131030d1971 km y0rusy50 ca
|
| 101 |
0 |
|
|a rus
|
| 102 |
|
|
|a RU
|
| 105 |
|
|
|a y g 001zy
|
| 200 |
1 |
|
|a Справочник по дипольным моментам
|f О. А. Осипов, В. И. Минкин, А. Д. Гарновский
|
| 205 |
|
|
|a 3-е изд., перераб. и доп.
|
| 210 |
|
|
|a Москва
|c Высшая школа
|d 1971
|
| 215 |
|
|
|a 416 с.
|
| 320 |
|
|
|a Библиогр.: с. 351-414.
|
| 606 |
1 |
|
|a Дипольный момент
|x (химия)
|2 stltpush
|3 (RuTPU)RU\TPU\subj\72735
|9 86139
|
| 610 |
1 |
|
|a определение
|
| 610 |
1 |
|
|a методы
|
| 610 |
1 |
|
|a таблицы
|
| 610 |
1 |
|
|a неорганические соединения
|
| 610 |
1 |
|
|a комплексные соединения
|
| 610 |
1 |
|
|a внутрикомплексные соединения
|
| 610 |
1 |
|
|a молекулярные соединения
|
| 610 |
1 |
|
|a органические соединения
|
| 610 |
1 |
|
|a справочники
|
| 675 |
|
|
|a 544.16(035)
|v 3
|
| 700 |
|
1 |
|a Осипов
|b О. А.
|g Осип Александрович
|
| 701 |
|
1 |
|a Минкин
|b В. И.
|g Владимир Исаакович
|
| 701 |
|
1 |
|a Гарновский
|b А. Д.
|g Александр Дмитриевич
|
| 801 |
|
1 |
|a RU
|b 63413507
|c 20131030
|
| 801 |
|
2 |
|a RU
|b 63413507
|c 20140916
|g RCR
|
| 942 |
|
|
|c BK
|